Lột trần CEO Từ một học sinh cá biệt đến một CEO đột Phá

Saved in:
Bibliographic Details
Main Author: Alex Malley
Other Authors: Thanh Huyền (Dịch)
Format: Book
Language:Vietnamese
Published: Hà Nội Đại học kinh tế quốc dân ; Công ty sách Thái Hà 2016
Subjects:
Tags: Add Tag
No Tags, Be the first to tag this record!
Institutions: Trung tâm Học liệu Lê Vũ Hùng, Trường Đại học Đồng Tháp
LEADER 00958nam a22002778a 4500
001 00040392
005 20171124141121.0
008 171124s2014####-vm#################vie|d
020 # # |a 978 604 946 1644  |c 89000 
041 0 # |a vie 
082 1 4 |a 658.409 2  |b L458TR 
100 1 # |a Alex Malley 
242 2 1 |a The neked 
245 1 0 |b Từ một học sinh cá biệt đến một CEO đột Phá  |a Lột trần CEO  |c Alex Malley; Thanh Huyền (dịch) 
260 # # |a Hà Nội  |b Đại học kinh tế quốc dân ; Công ty sách Thái Hà  |c 2016 
300 # # |a 320 tr.  |c 19 cm  |b minh họa 
653 # # |a Bí quyết thành công 
653 # # |a Quản lí 
653 # # |a kinh doanh 
653 # # |a lãnh đạo 
653 # # |a điều hành 
700 1 # |a Thanh Huyền  |e Dịch 
852 # # |j KD.0022736 
910 |d 24/11/2017 
980 # # |a Trung tâm Học liệu Lê Vũ Hùng, Trường Đại học Đồng Tháp